000 00740nam a2200277Ia 4500
005 20260121125453.0
008 008 260114s9999 xx 000 0 eng d
020 _a9783110582086
037 _aEBOOK
040 _aCRL
040 _beng
040 _cCRL
041 _2eng
041 _aeng
084 _qCRL
100 _aArnzen, Rudiger
_9993502
245 0 _aAristotles Physics VIII, Translated into Arabic by Ishaq ibn Hunayn (9th c.): Introduction, Edition, and Glossaries
260 _bWalter de Gruyter
260 _bWalter de Gruyter
260 _c2021
650 _aArabic
_9993503
856 _uhttp://www.degruyter.com/isbn/9783110582086
942 _cEBOOK
999 _c1562264
_d1562264